| 000 | 00689nam a22002297a 4500 | ||
|---|---|---|---|
| 003 | OSt | ||
| 005 | 20230116065315.0 | ||
| 008 | 160203b xxu||||| |||| 00| 0 eng d | ||
| 020 | _a256139903 | ||
| 040 |
_cMMU _aMMU _beng _dMMU |
||
| 050 |
_aHF5415.13 _b.M369 2005 |
||
| 100 | _aPerreault, William D. | ||
| 245 |
_aBasic Marketing : _ba global-managerial approach / _cWilliam D. Perreault. |
||
| 260 |
_aChicago : _bIrwin, _c2005. |
||
| 300 |
_axxvi, 833 p. : _bill. ; |
||
| 500 | _ainclude index | ||
| 500 | _ainclude index | ||
| 650 |
_aMarketing management _9455 |
||
| 700 | _aMc clarthy Jerome | ||
| 942 |
_2lcc _cLOAN LOAN _e15 th ed. |
||
| 980 | _a^d20120814 02:23:54^okorir | ||
| 999 |
_c15317 _d15317 |
||